000 00400nam a2200157Ia 4500
003 GCL
008 140319s9999 xx 000 0 ara d
040 _aGCL /
_cGCL
082 0 4 _a813.03
_bح ى
100 1 _aحسين القبانى
245 1 0 _a50 يوما فى لندن /
_cحسين القبانى
490 _a
650 0 4 _aالادب العربى
650 0 4 _aالادب
942 _2ddc
_cBK
999 _c39765
_d39765